Програма за възпитание на детето от две до седем-год. възраст (Запис номер 1179)
[ съкратено ]
| 000 -Лидер | |
|---|---|
| Контролно поле с фиксирана дължина | 01792nam a2200397 c 4500 |
| 003 - Код на организацията, давaща контролен номер | |
| Контролно поле | BLK |
| 005 - Дата и час на последна редакция | |
| Контролно поле | 20250220122058.0 |
| 008 - Елементи от данни с фиксирана дължина | |
| fixed length control field | 180412b bul|||||r ||||||| ||bul|| |
| 010 ## - Наследен системен номер | |
| LC control number | KNG00001978000 |
| 020 ## - Международен стандартен номер на книга ISBN | |
| Международен стандартен номер на книга ISBN | 954-8155-09-7 |
| 040 ## - Източник на каталожния запис | |
| Идентификатор на билиотеката - собственик на записа | BLK |
| 041 ## - Код за език | |
| Код за езика на текст/звукозапис или на отделно заглавие | Български |
| Код за езика КДБФ | Български |
| 080 ## - УДК | |
| Текстов определител УДК | Предучилищно възпитание |
| УДК код - определител по УДК | 373.2.016 |
| УДК - код + определител | 373.2.016(073) |
| 100 1# - Редна дума - Автор | |
| Автор | Русинова, Елена Първанова |
| Авторска отговорност | първи автор |
| R(LIN) | 241577 |
| 139 ## - Редно поле | |
| Редна дума | Книга за учителя |
| Авторски знак | Кни - К 69 |
| 245 10 - Сведения за заглавието | |
| Заглавие | Програма за възпитание на детето от две до седем-год. възраст |
| Подзаглавни данни | Книга за учителя |
| Редно поле (дума) | Елена Първанова Русинова. |
| 257 ## - Страна на издаване | |
| Страна на създаване/издаване | България |
| 260 ## - Област на издателските данни | |
| Име на издателя, разпространителя и проч. | Даниела Убенова |
| Година на издаване | 1994 |
| Място на издаване, разпространение и проч. | София |
| 300 ## - Физическа характеристика | |
| Страници | 199 с. |
| Илюстрации и др. | с ил. |
| Размери/Мащаб | 21 см |
| 380 ## - Жанр | |
| Жанр | Обществени науки |
| 500 ## - Общи забележки | |
| Забележка | Други авт.: Д. В. Гюров, М. К. Баева, В. М. Гюрова, Е. Д. Христова, Ю. Ив. Стоянова, Т. Т. Велинова, Л. Д. Пенева, Г. Д. Иванов, Е. Б. Андреева. - 15 000 тир. |
| 650 #4 - Допълнително описание по предмет – тема | |
| Основно описание – тема или топоним | Предучилищно възпитание |
| 9 (RLIN) | 241578 |
| 650 #4 - Допълнително описание по предмет – тема | |
| Основно описание – тема или топоним | Деца, предучилищна възраст - развитие и възпитание |
| 9 (RLIN) | 241579 |
| 653 ## - Ключова дума – ненормативна | |
| Ключова дума | предучилищно възпитание |
| 653 ## - Ключова дума – ненормативна | |
| Ключова дума | предучилищна възраст |
| 653 ## - Ключова дума – ненормативна | |
| Ключова дума | развитие |
| 653 ## - Ключова дума – ненормативна | |
| Ключова дума | възпитание |
| 653 ## - Ключова дума – ненормативна | |
| Ключова дума | книга за учителя |
| 852 ## - Местоположение | |
| Форматна сигнатура | Цб 178187 |
| 856 4# - Електронен адрес и достъп | |
| Електронен формат | pdf - файл |
| Път до файла /url/ | |
| 856 4# - Електронен адрес и достъп | |
| Електронен формат | pdf - файл |
| Път до файла /url/ | |
| 999 ## - СИСТЕМНИ КОНТРОЛНИ НОМЕРА | |
| Koha biblionumber | 1179 |
| Koha biblioitemnumber | 1179 |
| 942 ## - АРТИКУЛИ | |
| Вид на библиотечния материал | Книги |
| Скрит в OPAC | Не |
| Koha issues (borrowed), all copies | 3 |
| Периодичен библиозапис | Да |
| 944 ## - СЪЗДАВАНЕ И РЕДАКЦИЯ на ЗАПИСА | |
| Създаване/Редакция | Създаване |
| Дата на регистрацията/редакция | 15.01.2003 |
| Служител, извършил регистрацията/редакцията | 30531 |
| Статус, дата на статуса | Цветелина Шанова |
| 944 ## - СЪЗДАВАНЕ И РЕДАКЦИЯ на ЗАПИСА | |
| Създаване/Редакция | Редакция |
| Дата на регистрацията/редакция | 08.11.2016 |
| Служител, извършил регистрацията/редакцията | Симона_Петрова |
| 999 ## - СИСТЕМНИ КОНТРОЛНИ НОМЕРА | |
| Koha biblioitemnumber | 1179 |
| Код за отписване | Код за изгубен артикул | Код за повреда | Коз за рестрикции | Код за отдаване | Артикулен № | Име на библиотеката - собственик | Име на библиотеката, в която се намира в момента | Статус (Текущо местоположение) | Дата на вписване в системата | Местоположение - отдел | Цена в лева | Инвентарен номер | Систематично азбучна сигнатура | Баркод | Номер на екземпляра | Цена в евро | Служебна бележка | Служебен тип на артикула | Източник на класификационната схема |
|---|---|---|---|---|---|---|---|---|---|---|---|---|---|---|---|---|---|---|---|
| Не е изгубен | Не е повреден | без рестрикции | ползва се в читалня | 2374 | Регионална библиотека "Любен Каравелов" Русе | Регионална библиотека "Любен Каравелов" Русе | Хранилище | 1994-01-01 | Хранилище | 0.78 | 601971 | Цб 178187 | 601971 | 1 | 0.40 | Дост: Dp Вид: Д N: стар фонд Дата: 01.01.1994 Дата инв: 06.11.2015 Бележки инв: Цб2015 | Книги | ||
| Не е изгубен | Не е повреден | без рестрикции | заемане за дома | 2375 | Регионална библиотека "Любен Каравелов" Русе | Регионална библиотека "Любен Каравелов" Русе | Заемна - подръчен фонд | 1994-01-01 | Заемна - подръчен фонд | 0.70 | 605544 | 373.2.016/П 90 | 120000605544 | 2 | 0.36 | N: стар фонд Дата: 01.01.1994 Дата инв: 07.02.2018 Бележки инв: П2018 | Книги | Universal Decimal Classification |